Global market view (Record no. 109697)

MARC details
000 -LEADER
fixed length control field 01348cad a22002415a 4500
001 - CONTROL NUMBER
control field L147711
008 - FIXED-LENGTH DATA ELEMENTS--GENERAL INFORMATION
fixed length control field 090608s2009 xxkad f s 000 0 eng d
035 ## - SYSTEM CONTROL NUMBER
System control number (Sirsi) u147711
041 0# - LANGUAGE CODE
Language code of text/sound track or separate title eng
050 04 - LIBRARY OF CONGRESS CALL NUMBER
Classification number 333.33 $2 18
110 2# - MAIN ENTRY--CORPORATE NAME
Corporate name or jurisdiction name as entry element CB Richard Ellis
9 (RLIN) 3675
245 00 - TITLE STATEMENT
Title Global market view
Remainder of title office occupancy costs
Medium [electronic resource]
260 ## - PUBLICATION, DISTRIBUTION, ETC.
Place of publication, distribution, etc. [S.l.]
Name of publisher, distributor, etc. CBRE
Date of publication, distribution, etc. 2009
490 #0 - SERIES STATEMENT
Series statement CB Richard Ellis Global Market View
-- Office Occupancy Costs
Volume/sequential designation May 2009
520 ## - SUMMARY, ETC.
Summary, etc. Reports that the international financial crisis has reduced the prices of the most expensive world's office markets. Finds that three of the five most expensive office markets are in Asia (Tokyo's inner central district, Hong Kong's Central area and Tokyo's outer central district). Tokyo's inner central district tops the list with an occupancy cost of $183.62 per square feet, followed by London's West End at $172.62 per square feet. Reports that year-on-year occupancy costs were 2.8% lower worldwide than in 2008.
521 ## - TARGET AUDIENCE NOTE
Target audience note Advanced
590 ## - LOCAL NOTE (RLIN)
Local note KA NTK
650 24 - SUBJECT ADDED ENTRY--TOPICAL TERM
Topical term or geographic name entry element CB RICHARD ELLIS GLOBAL MARKET VIEW OFFICE OCCUPANCY COSTS
651 #4 - SUBJECT ADDED ENTRY--GEOGRAPHIC NAME
Geographic name International
690 ## - LOCAL SUBJECT ADDED ENTRY--TOPICAL TERM (OCLC, RLIN)
Topical term or geographic name as entry element PROPERTY-COMMERCIAL PROPERTY-COMMERCIAL PROPERTY MARKET
856 40 - ELECTRONIC LOCATION AND ACCESS
Uniform Resource Identifier <a href="https://www.cbre.com/EN/Research/Global+Reports/">https://www.cbre.com/EN/Research/Global+Reports/</a>
Public note View the item free of charge at www.cbre.co.uk...
942 ## - ADDED ENTRY ELEMENTS (KOHA)
Suppress in OPAC 0
Holdings
Withdrawn status Lost status Source of classification or shelving scheme Damaged status Not for loan Home library Current library Shelving location Date acquired Total Checkouts Full call number Barcode Date last seen Copy number Price effective from Koha item type
    Dewey Decimal Classification     Virtual Virtual Online 08/06/2009   ONLINE PUBLICATION 147711-2001 06/08/2019 1 06/08/2019 Book